000
00269nam a2200133Ia 4500
100
_a
Zubov/V
942
_c
BK
654
_a
Physics
245
_a
Problems in Physics
260
_b
Mir Publishers
_a
Moscow
_c
1974
082
_a
530
300
_a
290
546
_a
ENGLISH
999
_c
35495
_d
35495